| 000 | 00675nam a2200205 a 4500 | ||
|---|---|---|---|
| 001 | 000041081 | ||
| 005 | 20201002034613.0 | ||
| 008 | 130917s1992 sp 000 0 spa d | ||
| 020 | _a8423322173 | ||
| 040 |
_aDO-SdBNP _bspa _cBNPHU |
||
| 100 | 1 |
_aNizon, Paul _967589 |
|
| 240 | 1 | 0 |
_aDas jahr der liebe _lEspañol |
| 245 | 1 | 3 |
_aEl año del amor / _cPaul Nizon, Traducción de Oliver Strunk. |
| 260 |
_aBarcelona : _bEdiciones Destinos, _c1992. |
||
| 300 |
_a238 p. ; _c21 cm. |
||
| 490 | 1 |
_aAncora y Delfín _v693 |
|
| 500 | _aIncluye datos biográficos del autor en la solapa de la cubierta | ||
| 700 | 1 |
_aStrunk, Oliver, _etrad. _967590 |
|
| 830 | 0 |
_aAncora y Delfín _921385 |
|
| 999 |
_c40571 _d40571 |
||